Countries in South America - Statistics

General Stats
  • This quiz has been taken 64 times
  • The average score is 10 of 12
Answers on the Map
Answers color-coded by a green-red scale on the quiz's map according to % correct below.
 
Answer Stats
Answer % Correct
Argentina
100%
Brazil
100%
Chile
98%
Bolivia
90%
Paraguay
88%
Uruguay
88%
Venezuela
88%
Colombia
83%
Ecuador
83%
Peru
73%
Suriname
63%
Guyana
60%
No matching quizzes found
Score Distribution
Percent of People with Each Score
Percentile by Number Answered
Your Score History
You have not taken this quiz